Score 0/25 Timer 03:00
1 Play Today
Song L, B or N? % Correct
Silent _____; holy _____???
85.8%
Rudolph with your nose so ______; won't you guide my sleigh tonight????
85.4%
'Twas the ______ before Christmas???
85.3%
If Daddy had only seen Mommy kissing Santa Claus last ______!???
85.1%
'S' is for the star that shone so ______???
84.2%
Peace on earth will come to all, if we just follow the ______???
84.2%
As for me, my little brain isn't very ______; choose for me, dear Santa Claus, what you think is right???
82.1%
All is calm, all is ______???
80.9%
A turkey and some mistletoe help to make the season ______???
80.7%
When I was a seeker, I sought both ______ and day???
80.2%
Mele Kalikimaka is the thing to say on a ______ Hawaiian Christmas Day???
79.3%
It is the ______ of the dear savior's birth???
78.4%
Christmas Eve will find me where the love ______ gleams???
78.3%
Song L, B or N? % Correct
Bells on bob-tail ring, making spirits ______???
76.7%
What a ______ time, it's the right time, to rock the night away???
76.7%
Guide us to thy perfect ______???
76.7%
All the plains were lit that ______; all the hills were ringing???
75.8%
So led by ______ of a star sweetly gleaming???
75.7%
Our spirits by thine advent here, disperse the gloomy clouds of ______???
75.5%
Said the ______ wind to the little lamb; do you see what I see????
66%
Star with royal beauty______; westward leading still proceeding???
65%
Even stop-lights blink a ______ red and green???
64%
Have yourself a merry little Christmas; let your heart be ______???
61%
O hear the angel voices! O ______ divine!???
60.1%
Special ______; beard that's white???
59.6%
Remove Ads.
Support Sporcle.
Get the best of Sporcle when you Go Orange. This ad-free experience offers more features, more stats, and more fun while also helping to support Sporcle. Thank you for becoming a member.

You're not logged in!

Compare scores with friends on all Sporcle quizzes.
OR
Log In

Show Comments

Extras

Top Quizzes Today


Score Distribution

Your Account Isn't Verified!

In order to create a playlist on Sporcle, you need to verify the email address you used during registration. Go to your Sporcle Settings to finish the process.

Report this User

Report this user for behavior that violates our Community Guidelines.

Details: